000
00321nam a22001337a 4500
008
170725b xxu||||| |||| 00| 0 eng d
020
_a
9780133684650
041
_a
eng
080
_a
004
100
_a
004
101
_a
SHKI
245
_a
FUZZY LOGIC & NEUROFUZZY APPLICATIONS EXPLAINED
_c
ALTROCK, C.V
942
_2
udc
_c
BK
999
_c
21837
_d
21837